[Event "Barceloneta op 2nd"]
[Site "?"]
[Date "2002.10.12"]
[Round "3"]
[White "Castro Molero Manuel"]
[Black "Fernandez Pintado Xavier"]
[Result "1-0"]
[WhiteElo "2234"]
[BlackElo "2015"]
[PlyCount "21"]
[EventDate "2002.??.??"]
[Source "www.chesslib.no"]
[SourceDate "2004.05.04"]

1. d4 d5 2. c4 Nf6 3. cxd5 Qxd5 4. Nc3 Qd8 5. Bg5 Nd5 6. Nf3 c6 7. e4 Nxc3 8. bxc3 Bg4 9. Bc4 f6 10. Ne5 Qa5 11. Qxg4 1-0

[Event "XIV Open"]
[Site "Bosnjaci CRO"]
[Date "2009.01.09"]
[Round "9"]
[White "Ivic, Ma"]
[Black "Kitarovic, M."]
[Result "1-0"]
[WhiteElo "2250"]
[BlackElo "1989"]
[PlyCount "75"]
[EventDate "2009.01.03"]
[Source "www.chesslib.no"]
[SourceDate "2004.05.04"]

1. d4 d5 2. c4 Nf6 3. Nc3 b6 4. cxd5 Nxd5 5. e4 Nxc3 6. bxc3 Bb7 7. Bd3 e6 8. Nf3 Be7 9. O-O O-O 10. Re1 Nd7 11. e5 c5 12. Be4 Qc7 13. Qd3 g6 14. Bg5 Rfe8 15. h4 Rad8 16. Qe3 f5 17. exf6 Bxe4 18. fxe7 Rc8 19. Qxe4 Qc6 20. Qxe6+ Qxe6 21. Rxe6 Kf7 22. Rd6 Rc7 23. Re1 h6 24. Bxh6 Rxe7 25. Ng5+ Ke8 26. Rxe7+ Kxe7 27. Rxg6 cxd4 28. cxd4 Rc1+ 29. Kh2 Rc2 30. Ne4 Re2 31. f3 Rxa2 32. Rg7+ Kd8 33. Bg5+ Kc8 34. Bf4 Ra4 35. d5 Nc5 36. Nd6+ Kb8 37. Bg3 a6 38. Nc4+ 1-0

[Event "19. North Sea Cup"]
[Site "?"]
[Date "2004.07.07"]
[Round "6"]
[White "Andersen Rune"]
[Black "Christensen Svend Ellegaard"]
[Result "1-0"]
[WhiteElo "2042"]
[BlackElo "2182"]
[PlyCount "99"]
[EventDate "2004.??.??"]
[Source "www.chesslib.no"]
[SourceDate "2004.05.04"]

1. d4 d5 2. c4 Nf6 3. cxd5 Qxd5 4. Nc3 Qd8 5. e4 e6 6. Nf3 Be7 7. Bd3 b6 8. Bf4 Bb7 9. Rc1 Bb4 10. Qa4+ Nc6 11. Bb5 O-O 12. Bxc6 Bxc6 13. Qxc6 Rc8 14. O-O Bxc3 15. Rxc3 Qd7 16. Qxd7 Nxd7 17. Rxc7 Rxc7 18. Bxc7 Nf6 19. Re1 Rc8 20. Be5 Nd7 21. d5 f6 22. Bf4 Kf7 23. e5 fxe5 24. dxe6+ Kxe6 25. Nxe5 Nxe5 26. Bxe5 g6 27. Bb8+ Kf7 28. Bxa7 Ra8 29. Bxb6 Rxa2 30. Bd4 Ra4 31. Bc5 Rc4 32. b4 Kf6 33. Kf1 h5 34. Ke2 Rg4 35. h3 Rg5 36. g3 Rd5 37. f4 Rd8 38. Kf3 Rd3+ 39. Re3 Rd1 40. Be7+ Kf7 41. Bg5 Rb1 42. Re7+ Kf8 43. Rb7 Rb3+ 44. Ke4 Rxg3 45. h4 Rg1 46. Ke5 Re1+ 47. Kf6 Re8 48. Kxg6 Re6+ 49. Kxh5 Kg8 50. f5 1-0

[Event "VI Festival - Open A"]
[Site "Amantea ITA"]
[Date "2008.08.31"]
[Round "1"]
[White "Savage, Ben D"]
[Black "De Rasis, Giovanni"]
[Result "1-0"]
[WhiteElo "2309"]
[BlackElo "1912"]
[PlyCount "94"]
[EventDate "2008.08.31"]
[Source "www.chesslib.no"]
[SourceDate "2004.05.04"]

1. d4 d5 2. c4 Nf6 3. cxd5 c6 4. dxc6 e5 5. dxe5 Qxd1+ 6. Kxd1 Ng4 7. Ke1 Nxc6 8. Nf3 Bc5 9. e3 O-O 10. a3 Ngxe5 11. b4 Bb6 12. Nxe5 Nxe5 13. Bb2 Re8 14. Bb5 Bg4 15. Bxe8 Nd3+ 16. Kd2 Nxb2 17. Bb5 Rd8+ 18. Kc2 Nd1 19. Nc3 Nxf2 20. Rhe1 a6 21. Bf1 Rc8 22. Rac1 Bd8 23. Kb1 Bf6 24. Nd5 Bf5+ 25. Ka2 Rxc1 26. Rxc1 Be6 27. Bc4 Bd8 28. Nf4 Bf5 29. Bd5 g5 30. Ne2 Ng4 31. e4 Bd7 32. Bxb7 Ne3 33. g3 Bg4 34. Bxa6 Bf6 35. Nc3 Be6+ 36. Nd5 Be5 37. Bc8 Nxd5 38. Bxe6 Nc3+ 39. Kb3 Nxe4 40. Bd5 Nd6 41. a4 Kg7 42. b5 f5 43. b6 f4 44. gxf4 gxf4 45. a5 Nb5 46. a6 f3 47. Bxf3 Nd4+ 1-0

[Event "Naumburg/Saale(20.10.-03.11.)"]
[Site "?"]
[Date "2002.10.25"]
[Round "5"]
[White "Kahn Manfred"]
[Black "Neumann Horst[38Koblenz"]
[Result "1-0"]
[WhiteElo "2177"]
[BlackElo "2035"]
[PlyCount "65"]
[EventDate "2002.??.??"]
[Source "www.chesslib.no"]
[SourceDate "2004.05.04"]

1. d4 d5 2. c4 Nf6 3. cxd5 Nxd5 4. Nf3 e6 5. e4 Nb6 6. Be3 Bb4+ 7. Nbd2 Bd7 8. Be2 O-O 9. a3 Be7 10. O-O f5 11. exf5 exf5 12. Qb3+ Kh8 13. Bf4 Ba4 14. Qa2 Bd6 15. Be5 Bc6 16. Rac1 Bd5 17. b3 Nc6 18. Nc4 Nxc4 19. bxc4 Bg8 20. Qb2 Bxe5 21. dxe5 b6 22. c5 Na5 23. Rfd1 Qe8 24. cxb6 cxb6 25. Bb5 Qe6 26. Rc7 Rf7 27. Ng5 Rxc7 28. Nxe6 Bxe6 29. h3 Nb3 30. Rd6 Nc5 31. Qd2 Rcc8 32. Bc6 Rab8 33. Qg5 1-0

[Event "HUN-chT3"]
[Site "Hungary"]
[Date "1997.??.??"]
[Round "?"]
[White "Kovacs, Tamas"]
[Black "Lovasz, Jozsef"]
[Result "1-0"]
[WhiteElo "2145"]
[BlackElo "2065"]
[PlyCount "117"]
[EventDate "1997.??.??"]
[Source "www.chesslib.no"]
[SourceDate "2004.05.04"]

1. d4 d5 2. c4 Nf6 3. cxd5 Qxd5 4. Nc3 Qd8 5. e4 e6 6. Nf3 Be7 7. Bd3 Nc6 8. O-O O-O 9. Re1 Nb4 10. Bb1 c5 11. a3 Nc6 12. d5 Na5 13. d6 Bxd6 14. e5 Be7 15. exf6 Qxd1 16. Rxd1 Bxf6 17. Bc2 b6 18. Be4 Bb7 19. Bxb7 Nxb7 20. Ne4 Be7 21. Bf4 Rad8 22. Bc7 Rd5 23. Nc3 Rxd1+ 24. Rxd1 Bf6 25. Be5 Bxe5 26. Nxe5 f6 27. Nc6 a6 28. Rd7 Na5 29. Nxa5 bxa5 30. Kf1 Rb8 31. Na4 e5 32. Rc7 Rd8 33. Rxc5 Kf7 34. Rxa5 Rd6 35. Ke2 Rc6 36. Rc5 Rd6 37. Rc7+ Kg6 38. Nc3 Rb6 39. b4 h5 40. Rc4 Kf5 41. a4 g5 42. b5 axb5 43. axb5 g4 44. Rc6 Rb8 45. b6 e4 46. Ke3 Ke5 47. Nxe4 f5 48. Nc3 f4+ 49. Kd3 h4 50. Rc5+ Ke6 51. Rb5 Kd6 52. Ke4 g3 53. fxg3 fxg3 54. hxg3 hxg3 55. Kf4 Kc6 56. Kxg3 Kb7 57. Kf4 Ka6 58. b7 Rg8 59. b8=R 1-0

[Event "Dresden GER"]
[Site "?"]
[Date "2006.02.21"]
[Round "5"]
[White "Weber Bernd"]
[Black "Titz Herbert"]
[Result "1/2-1/2"]
[WhiteElo "2134"]
[BlackElo "2070"]
[PlyCount "106"]
[EventDate "2006.??.??"]
[Source "www.chesslib.no"]
[SourceDate "2004.05.04"]

1. d4 d5 2. c4 Nf6 3. cxd5 Qxd5 4. Nc3 Qa5 5. Bd2 Qb6 6. e3 Bf5 7. Na4 Qe6 8. Nf3 Ne4 9. Rc1 c6 10. Bc4 Qc8 11. O-O e6 12. Nh4 Bg6 13. d5 Qd8 14. Nxg6 hxg6 15. dxe6 f5 16. Bc3 Qxd1 17. Rfxd1 b5 18. Ba5 Na6 19. Bd3 Rc8 20. Rxc6 Rxc6 21. Bxb5 Bd6 22. Bxc6+ Ke7 23. g3 Ng5 24. Nc3 Nb8 25. Bd5 Nxe6 26. Nb5 Bc5 27. Bc3 Rd8 28. Bf3 Rc8 29. Nd4 Ng5 30. h4 Bxd4 31. hxg5 Bxc3 32. bxc3 Rxc3 33. Rb1 Na6 34. Rb7+ Rc7 35. Rxc7+ Nxc7 36. Kf1 Kd6 37. Ke2 Kc5 38. Kd3 Ne6 39. Bd1 Nxg5 40. f3 Nf7 41. e4 a5 42. f4 Nd6 43. e5 Ne4 44. Bb3 Nxg3 45. Bf7 g5 46. fxg5 Ne4 47. g6 Nf2+ 48. Ke3 Ng4+ 49. Kf4 Nh6 50. Be6 Kd4 51. Bxf5 Ng8 52. Be6 Ne7 53. Bf7 Kd3 1/2-1/2

[Event "Armed Forces Ch"]
[Site "United States of America"]
[Date "1991.??.??"]
[Round "10"]
[White "Waldowski, P."]
[Black "McMahon, Daire"]
[Result "1-0"]
[WhiteElo "2180"]
[BlackElo "2020"]
[PlyCount "85"]
[EventDate "1991.??.??"]
[Source "www.chesslib.no"]
[SourceDate "2004.05.04"]

1. d4 d5 2. c4 Nf6 3. cxd5 Nxd5 4. Nf3 e6 5. e4 Nf6 6. Bd3 c5 7. O-O Nc6 8. e5 Nd5 9. Nc3 cxd4 10. Ne2 Bd7 11. Nexd4 Nxd4 12. Nxd4 Bc5 13. Nb3 Bb6 14. Qg4 Qc7 15. Qxg7 O-O-O 16. Re1 Rdg8 17. Qh6 Bc6 18. Bg5 Nf4 19. Be4 Bxf2+ 20. Kxf2 Bxe4 21. Bxf4 Rxg2+ 22. Ke3 Rd8 23. Rac1 Bc6 24. Rxc6 Qxc6 25. Rc1 Rc2 26. Nd4 Rxd4 27. Rxc2 Qxc2 28. Kxd4 Qxb2+ 29. Ke3 Qc1+ 30. Kf3 Qf1+ 31. Kg3 Qe1+ 32. Kh3 Qf1+ 33. Kh4 Qf2+ 34. Kg5 Qg1+ 35. Kf6 Qg8 36. Qg7 Qd8+ 37. Kxf7 Kd7 38. Qxh7 Qe8+ 39. Kf6+ Kc6 40. Qc2+ Kd5 41. Qd3+ Kc6 42. Qc4+ Kb6 43. Qxe6+ 1-0

[Event "Hungary"]
[Site "?"]
[Date "2000.??.??"]
[Round "5"]
[White "Suranyi Pal"]
[Black "Mieli Marcello"]
[Result "1-0"]
[WhiteElo "2136"]
[BlackElo "2058"]
[PlyCount "113"]
[EventDate "2000.??.??"]
[Source "www.chesslib.no"]
[SourceDate "2004.05.04"]

1. d4 d5 2. c4 Nf6 3. cxd5 Nxd5 4. e4 Nb6 5. Ne2 g6 6. Nec3 Bg7 7. Be3 O-O 8. Be2 e5 9. d5 f5 10. exf5 Bxf5 11. O-O Kh8 12. Qb3 N8d7 13. Rd1 Nf6 14. a4 Nbd7 15. Qxb7 Rb8 16. Qxa7 Rxb2 17. Nd2 Nb6 18. Nc4 Nxc4 19. Bxc4 Ng4 20. h3 Nxe3 21. Qxe3 Bxh3 22. Qxh3 Rfxf2 23. Bf1 Rf4 24. Ne2 Rh4 25. Qg3 Rbb4 26. Ra2 Rbg4 27. Qf3 e4 28. Qe3 Be5 29. g3 Qd6 30. Ra3 Qf6 31. Bg2 Rh5 32. Rf1 Qe7 33. Rb3 Bd6 34. Qd4+ Re5 35. Rb8+ Kg7 36. Rb5 Qd7 37. Kh2 e3 38. Nf4 Kh6 39. Bh3 e2 40. Bxg4 Qxg4 41. Re1 g5 42. Kg2 gxf4 43. Qxf4+ Qxf4 44. gxf4 Re4 45. a5 Bb4 46. Rxb4 Rxb4 47. Kf3 Ra4 48. Rxe2 Rxa5 49. Ke4 Rc5 50. Ke5 c6 51. Kf6 Kh5 52. d6 Rd5 53. Re5+ Kg4 54. Rxd5 cxd5 55. d7 Kxf4 56. d8=Q Ke4 57. Qe7+ 1-0

[Event "Miskolc Avas op"]
[Site "Miskolc"]
[Date "1999.??.??"]
[Round "2"]
[White "Kovacs, Tamas"]
[Black "Balogh, Emese"]
[Result "1/2-1/2"]
[WhiteElo "2145"]
[BlackElo "2000"]
[PlyCount "126"]
[EventDate "1999.??.??"]
[Source "www.chesslib.no"]
[SourceDate "2004.05.04"]

1. d4 d5 2. c4 Nf6 3. cxd5 Nxd5 4. e4 Nb6 5. Nf3 Bg4 6. Be3 e6 7. Nc3 Be7 8. Bd3 O-O 9. h3 Bh5 10. O-O Nc6 11. Be2 Bf6 12. g4 Bg6 13. Rc1 a6 14. Qd2 Qd7 15. Rfd1 Rfd8 16. Qe1 Qe8 17. h4 h5 18. g5 Be7 19. a3 Rac8 20. Nh2 Na5 21. Qf1 Nb3 22. Rc2 Na5 23. b4 Nc6 24. Rcd2 f5 25. e5 Qf8 26. f4 Be8 27. Rc1 g6 28. Nf3 Na7 29. Rdc2 Nc6 30. Nb1 Nd5 31. Qf2 Nb8 32. Ne1 Ba4 33. Rb2 c6 34. Nc3 Bb5 35. Rbc2 Bxe2 36. Qxe2 Nd7 37. Na4 N7b6 38. Nxb6 Nxb6 39. Nd3 Nd5 40. Kf2 a5 41. Nc5 Bxc5 42. bxc5 Nc7 43. Qc4 Nd5 44. Rb2 Qe7 45. Rcb1 Rd7 46. Kf3 Rcd8 47. Bf2 Kf7 48. Rb3 Ra8 49. Be1 Ra7 50. Bc3 Qd8 51. Rd1 a4 52. Rb2 Nc7 53. Rb4 Nb5 54. Bb2 Qa8 55. Rc1 Ra6 56. Qd3 b6 57. Rbc4 Rc7 58. R1c2 Rd7 59. Qd2 Nc7 60. Rc1 b5 61. R4c2 Nd5 62. Bc3 Qd8 63. Rd1 Qa8 1/2-1/2

[Event "Figueira da Foz POR, 2. Open"]
[Site "?"]
[Date "2005.10.29"]
[Round "1.8"]
[White "Dias Paulo"]
[Black "Placido Maria Armanda"]
[Result "1-0"]
[WhiteElo "2306"]
[BlackElo "1836"]
[PlyCount "71"]
[EventDate "2005.??.??"]
[Source "www.chesslib.no"]
[SourceDate "2004.05.04"]

1. d4 d5 2. c4 Nf6 3. cxd5 Nxd5 4. e4 Nb6 5. Be3 g6 6. Nf3 Bg7 7. Nc3 O-O 8. h3 c6 9. Be2 N8d7 10. a4 Nf6 11. a5 Nbd7 12. Qd2 b6 13. axb6 Nxb6 14. O-O Bb7 15. Rfd1 Qc8 16. Bh6 Rd8 17. Bxg7 Kxg7 18. Ra5 h6 19. Qf4 Qe6 20. Rda1 a6 21. Qc7 Nxe4 22. Qxb6 Nxc3 23. bxc3 Qxe2 24. Qxb7 Rdb8 25. Qc7 Rb2 26. Qe5+ f6 27. Qxe2 Rxe2 28. Re1 Rxe1+ 29. Nxe1 Kf7 30. Nd3 Ke6 31. Rxa6 Rc8 32. c4 Kd6 33. d5 Rc7 34. f3 e5 35. Kf2 f5 36. Rxc6+ 1-0

[Event "Lemesos"]
[Site "?"]
[Date "2000.05.26"]
[Round "7"]
[White "Constantinou Agathocles"]
[Black "Santos Julio"]
[Result "1/2-1/2"]
[WhiteElo "2070"]
[BlackElo "2058"]
[PlyCount "91"]
[EventDate "2000.??.??"]
[Source "www.chesslib.no"]
[SourceDate "2004.05.04"]

1. d4 d5 2. c4 Nf6 3. cxd5 Nxd5 4. e4 Nb6 5. Nf3 Bg4 6. Be2 e6 7. O-O Be7 8. Be3 O-O 9. Ne5 Bxe2 10. Qxe2 N8d7 11. Nxd7 Qxd7 12. Nc3 Rfd8 13. Rfd1 c6 14. a4 Bf6 15. a5 Nc8 16. e5 Be7 17. Ne4 Rf8 18. Qg4 f5 19. exf6 Bxf6 20. Nc5 Qf7 21. Qxe6 Ne7 22. Qxf7+ Rxf7 23. Nxb7 Nf5 24. a6 Re7 25. Rac1 Rae8 26. Rxc6 Bxd4 27. g4 Bxe3 28. gxf5 Bb6 29. Kf1 Bc7 30. Kg2 Kf8 31. Nc5 Bb6 32. Ne6+ Kg8 33. Rdd6 Rf7 34. f4 h6 35. b4 Kh8 36. Kf3 Rxf5 37. Rd7 Rf6 38. Rxb6 axb6 39. Nc7 Ref8 40. a7 Rxf4+ 41. Ke3 Rf3+ 42. Ke4 R3f4+ 43. Kd5 Rxb4 44. Kc6 Ra4 45. Kb7 Rxa7+ 46. Kxa7 1/2-1/2

[Event "C1998P.042"]
[Site "IECG email"]
[Date "1998.??.??"]
[Round "?"]
[White "Novak, Joze (SLO)"]
[Black "Mori, Roberto"]
[Result "1-0"]
[WhiteElo "2245"]
[BlackElo "1875"]
[PlyCount "49"]
[EventDate "1998.??.??"]
[Source "www.chesslib.no"]
[SourceDate "2004.05.04"]

1. d4 d5 2. c4 Nf6 3. cxd5 Nxd5 4. e4 Nf6 5. e5 Nd5 6. Nc3 e6 7. Nf3 Bb4 8. Bd2 O-O 9. Qc2 b6 10. h3 Bb7 11. Bd3 h6 12. O-O f6 13. Nxd5 Bxd5 14. Bxb4 c5 15. dxc5 Nc6 16. Bc3 Bxf3 17. Bh7+ Kh8 18. exf6 gxf6 19. gxf3 Qe7 20. Be4 Rac8 21. cxb6 axb6 22. Qd2 Qg7+ 23. Kh2 Ne5 24. Rg1 Rcd8 25. Qe3 1-0

[Event "Corr"]
[Site "?"]
[Date "2000.07.??"]
[Round "?"]
[White "Kupcik Jozef"]
[Black "Kotoucek Milan"]
[Result "1-0"]
[WhiteElo "2186"]
[BlackElo "1918"]
[PlyCount "59"]
[EventDate "2000.??.??"]
[Source "www.chesslib.no"]
[SourceDate "2004.05.04"]

1. d4 d5 2. c4 Nf6 3. cxd5 Nxd5 4. Nf3 g6 5. e4 Nf6 6. Nc3 Bg7 7. Bc4 O-O 8. O-O Nc6 9. h3 Na5 10. Be2 a6 11. Qa4 Nc6 12. d5 Na7 13. Rd1 b5 14. Qb3 Nd7 15. a4 bxa4 16. Qxa4 Nc5 17. Qc4 Qd6 18. e5 Bxe5 19. Nxe5 Nb5 20. Bf4 Nxc3 21. bxc3 Nd7 22. Nxf7 Qf6 23. Nh6+ Kg7 24. Be3 Ne5 25. Qe4 Bf5 26. Nxf5+ gxf5 27. Qf4 Ng6 28. Qh6+ Kg8 29. Bd4 Ne5 30. Qe3 1-0

[Event "SLO Team Ch"]
[Site "Slovenia"]
[Date "1994.??.??"]
[Round "?"]
[White "Kragelj, Igor"]
[Black "Stanic, Simon"]
[Result "1-0"]
[WhiteElo "2250"]
[BlackElo "1850"]
[PlyCount "57"]
[EventDate "1994.??.??"]
[Source "www.chesslib.no"]
[SourceDate "2004.05.04"]

1. d4 d5 2. c4 Nf6 3. cxd5 Bf5 4. Qa4+ Qd7 5. Qxd7+ Nbxd7 6. Nc3 Nb6 7. f3 Nfxd5 8. Nxd5 Nxd5 9. e4 Nb4 10. exf5 Nc2+ 11. Kd1 Nxa1 12. Be3 g6 13. Kc1 gxf5 14. Kb1 Bg7 15. Bc4 Rd8 16. Ne2 e6 17. Kxa1 Ke7 18. g4 fxg4 19. fxg4 h5 20. g5 h4 21. h3 Rd7 22. Rf1 a6 23. Kb1 b5 24. Bb3 a5 25. Bc2 f6 26. Nf4 Rc8 27. gxf6+ Bxf6 28. Ng6+ Kf7 29. Ne5+ 1-0

[Event "Bayernliga 2000/01"]
[Site "?"]
[Date "2001.??.??"]
[Round "?"]
[White "Gradl Winfried"]
[Black "Bildt Thomas"]
[Result "1-0"]
[WhiteElo "2065"]
[BlackElo "2030"]
[PlyCount "53"]
[EventDate "2001.??.??"]
[Source "www.chesslib.no"]
[SourceDate "2004.05.04"]

1. d4 d5 2. c4 Nf6 3. cxd5 Nxd5 4. Nf3 c6 5. e4 Nb6 6. Nc3 Bg4 7. Be2 e6 8. Bg5 Be7 9. Bxe7 Qxe7 10. O-O O-O 11. Ne5 Bxe2 12. Qxe2 N8d7 13. Nxd7 Qxd7 14. Rad1 f5 15. Rfe1 f4 16. Qg4 Rf7 17. e5 Nd5 18. Ne4 g6 19. Nc5 Qe7 20. Nxe6 f3 21. Ng5 h5 22. Qg3 h4 23. Qxh4 fxg2 24. Qh6 Rg7 25. Re4 Kf8 26. Rd3 Rd8 27. Qh8+ 1-0

[Event "Corr"]
[Site "?"]
[Date "2001.11.30"]
[Round "?"]
[White "Vaassen Jack"]
[Black "Draba Henryk"]
[Result "1-0"]
[WhiteElo "2114"]
[BlackElo "1978"]
[PlyCount "97"]
[EventDate "2001.??.??"]
[Source "www.chesslib.no"]
[SourceDate "2004.05.04"]

1. d4 d5 2. c4 Nf6 3. cxd5 Nxd5 4. Nf3 g6 5. e4 Nb6 6. h3 Bg7 7. Nc3 O-O 8. Be2 Nc6 9. Be3 a6 10. Qd2 f5 11. exf5 Bxf5 12. O-O Qd7 13. Rad1 Rad8 14. d5 Nb4 15. Bxb6 cxb6 16. a3 Nc2 17. g4 Bxg4 18. Ne5 Qd6 19. Bxg4 Nxa3 20. f4 Qc5+ 21. Qf2 Nc2 22. Na4 Qe3 23. Be6+ Kh8 24. Nf7+ Rxf7 25. Bxf7 b5 26. Kh2 Qxf2+ 27. Rxf2 Ne3 28. Rd3 bxa4 29. Rxe3 Bd4 30. Rfe2 Bxe3 31. Rxe3 Rd7 32. f5 gxf5 33. Kg3 Kg7 34. Be6 Rd6 35. Re2 Kf6 36. Rf2 Rb6 37. Bxf5 Ke5 38. Bxh7 Kxd5 39. h4 e5 40. Rd2+ Ke6 41. Kg4 Kf6 42. Rf2+ Kg7 43. Be4 Rb4 44. Kf5 Kh7 45. Rd2 Kh6 46. Rd7 Rd4 47. Rxd4 exd4 48. Bxb7 d3 49. Bxa6 1-0

[Event "Cannes op"]
[Site "Cannes"]
[Date "2000.02.23"]
[Round "4"]
[White "Senni, Younes"]
[Black "Videkovic, Marina"]
[Result "0-1"]
[WhiteElo "2081"]
[BlackElo "2009"]
[PlyCount "64"]
[EventDate "2000.02.20"]
[Source "www.chesslib.no"]
[SourceDate "2004.05.04"]

1. d4 d5 2. c4 Nf6 3. cxd5 Nxd5 4. e4 Nb6 5. Nc3 e6 6. Nf3 Be7 7. Bd3 O-O 8. Be3 N8d7 9. O-O c5 10. Qe2 cxd4 11. Bxd4 Bc5 12. Qe3 Qe7 13. e5 Bxd4 14. Qxd4 Nc5 15. Bc2 Rd8 16. Qg4 h6 17. b4 Ncd7 18. Rad1 Nf8 19. Rxd8 Qxd8 20. Ne4 Nd5 21. Rd1 Qe7 22. Nd6 Bd7 23. Bb3 Ng6 24. g3 Nc3 25. Rd2 Bc6 26. Qd4 Nb5 27. Nxb5 Bxb5 28. Bc2 Nf8 29. Be4 Rc8 30. Qd6 Rc1+ 31. Kg2 Bf1+ 32. Kg1 Qxd6 0-1

[Event "Bratislava Open"]
[Site "?"]
[Date "2004.05.06"]
[Round "7"]
[White "Ochrana Ladislav"]
[Black "Androvic Peter"]
[Result "1-0"]
[WhiteElo "2018"]
[BlackElo "2049"]
[PlyCount "83"]
[EventDate "2004.??.??"]
[Source "www.chesslib.no"]
[SourceDate "2004.05.04"]

1. d4 d5 2. c4 Nf6 3. cxd5 Qxd5 4. Nc3 Qd8 5. e4 e6 6. Nf3 Be7 7. Bd3 c5 8. O-O cxd4 9. Bb5+ Bd7 10. Nxd4 a6 11. Bxd7+ Qxd7 12. e5 Nd5 13. Qg4 Bf8 14. Ne4 Nc6 15. Nxc6 bxc6 16. Bg5 h6 17. Bh4 g5 18. Bg3 Be7 19. h3 Rb8 20. Qe2 Qb7 21. Rfc1 Qb6 22. Qc4 Kd7 23. Kh1 Rhc8 24. b3 Qb4 25. Rd1 Qa3 26. Qe2 Rh8 27. Qf3 Ke8 28. Qd3 Qb4 29. f3 Qb5 30. Rac1 Qxd3 31. Rxd3 Ba3 32. Rxc6 Ra8 33. Rc4 Be7 34. Nc3 Nb6 35. Rc6 Nd7 36. Rc7 Nc5 37. Rd1 a5 38. Bf2 Na6 39. Rb7 Nc5 40. Bxc5 Bxc5 41. Rdd7 Rh7 42. Ne4 1-0

[Event "XIII festival B"]
[Site "Zupanja CRO"]
[Date "2007.01.07"]
[Round "6.27"]
[White "Mrndzic, Muamer"]
[Black "Pejic, Mirko"]
[Result "1-0"]
[WhiteElo "2119"]
[BlackElo "1948"]
[PlyCount "55"]
[EventDate "2007.01.03"]
[Source "www.chesslib.no"]
[SourceDate "2004.05.04"]

1. d4 d5 2. c4 Nf6 3. cxd5 Nxd5 4. e4 Nf6 5. Nc3 e6 6. Nf3 Be7 7. Bd3 O-O 8. O-O b6 9. Qe2 Bb7 10. Rd1 Qc8 11. Bg5 Re8 12. Rac1 Nbd7 13. Nb5 c6 14. e5 Nd5 15. Qe4 Nf8 16. Bxe7 Rxe7 17. Nd6 Qd7 18. Ng5 Ng6 19. h4 f5 20. Qf3 Rb8 21. Nxh7 Nxe5 22. dxe5 Kxh7 23. Nxf5 Rf7 24. Nd6+ Kg8 25. Nxf7 Qxf7 26. Bh7+ Kf8 27. Qxf7+ Kxf7 28. Be4 1-0

[Event "26th Liechtenstein Open"]
[Site "Triesen LIE"]
[Date "2008.04.26"]
[Round "2"]
[White "Schiendorfer, E."]
[Black "Pieri, E."]
[Result "1-0"]
[WhiteElo "2208"]
[BlackElo "1856"]
[PlyCount "35"]
[EventDate "2008.04.25"]
[Source "www.chesslib.no"]
[SourceDate "2004.05.04"]

1. d4 d5 2. c4 Nf6 3. cxd5 Qxd5 4. Nc3 Qa5 5. Bd2 Qb6 6. Nf3 Bf5 7. g3 Qxb2 8. Bg2 Nbd7 9. Nh4 Bc2 10. Qc1 Qxc1+ 11. Rxc1 Bg6 12. Nb5 Kd8 13. Ba5 Nb6 14. Bxb7 Rb8 15. Bg2 e6 16. Nxa7 Be4 17. Bxe4 Nxe4 18. Nc6+ 1-0

[Event "14sen.LSEM NRW op"]
[Site "?"]
[Date "2003.06.14"]
[Round "1.3"]
[White "Khanukov Boris"]
[Black "Becker Bernhard"]
[Result "1-0"]
[WhiteElo "2339"]
[BlackElo "1713"]
[PlyCount "81"]
[EventDate "2003.??.??"]
[Source "www.chesslib.no"]
[SourceDate "2004.05.04"]

1. d4 d5 2. c4 Nf6 3. cxd5 Qxd5 4. Nc3 Qd8 5. e4 e6 6. Nf3 a6 7. Bg5 Be7 8. Bd3 Nbd7 9. O-O h6 10. Bf4 Nh7 11. Rc1 Bg5 12. Nxg5 Nxg5 13. Qe2 O-O 14. e5 f5 15. exf6 Rxf6 16. Bg3 Nf8 17. Be5 Rf7 18. Ne4 Nxe4 19. Qxe4 Ra7 20. Rc3 b5 21. Qg4 Bb7 22. Bb1 Bd5 23. Rh3 Qg5 24. Qxg5 hxg5 25. Rh5 Bc4 26. Re1 c5 27. dxc5 Nd7 28. Bh7+ Kh8 29. Bg6+ Kg8 30. Bxf7+ Kxf7 31. b3 Nxe5 32. Rxe5 Rd7 33. Re1 Kg6 34. Rh3 Bd5 35. Rc3 Kf5 36. f3 b4 37. Rc2 Bc6 38. Kf2 Rd5 39. Ree2 e5 40. Red2 Ke6 41. Rxd5 1-0

[Event "Schneider Bohemia op-A"]
[Site "?"]
[Date "2000.??.??"]
[Round "?"]
[White "Svub Jan"]
[Black "Barton Ondrej"]
[Result "1/2-1/2"]
[WhiteElo "2110"]
[BlackElo "1940"]
[PlyCount "84"]
[EventDate "2000.??.??"]
[Source "www.chesslib.no"]
[SourceDate "2004.05.04"]

1. d4 d5 2. c4 Nf6 3. cxd5 Qxd5 4. Nc3 Qa5 5. Nf3 Bf5 6. Qb3 Qb6 7. Qxb6 axb6 8. Bf4 c5 9. e3 Na6 10. Bb5+ Bd7 11. Bxd7+ Nxd7 12. O-O g6 13. Rfd1 Bg7 14. Bg3 O-O 15. a3 Rfe8 16. Rac1 Rac8 17. h3 e6 18. Kf1 f6 19. dxc5 Ndxc5 20. Nb5 Nb3 21. Rc3 Rxc3 22. Nxc3 Nac5 23. Ke2 e5 24. Rd6 Re6 25. Rxe6 Nxe6 26. Nd2 Nxd2 27. Kxd2 Kf7 28. Nd5 b5 29. Nc3 Nc7 30. e4 Ke6 31. f3 Bh6+ 32. Kc2 Be3 33. Be1 Bc5 34. Ne2 Na6 35. b4 Bb6 36. Nc3 Nc7 37. Kd3 Bd4 38. Bd2 Bxc3 39. Kxc3 Ne8 40. Kb3 Kd6 41. a4 Kc6 42. Bh6 Nd6 1/2-1/2

[Event "Ann Arbor, MI"]
[Site "?"]
[Date "1997.??.??"]
[Round "2.11"]
[White "Vukadinov Milan"]
[Black "Goerke Jesse"]
[Result "1-0"]
[WhiteElo "2440"]
[BlackElo "1605"]
[PlyCount "25"]
[EventDate "1997.??.??"]
[Source "www.chesslib.no"]
[SourceDate "2004.05.04"]

1. d4 d5 2. c4 Nf6 3. cxd5 Nxd5 4. e4 Nf6 5. Nc3 Nc6 6. d5 Ne5 7. Qd4 Neg4 8. e5 Nxf2 9. Kxf2 Ng4+ 10. Ke1 c6 11. h3 Nh6 12. Bxh6 gxh6 13. e6 1-0

[Event "otb"]
[Site "otb"]
[Date "2007.05.21"]
[Round "1"]
[White "Peovic Milos"]
[Black "Stojkovic D"]
[Result "1-0"]
[WhiteElo "2296"]
[BlackElo "1743"]
[PlyCount "75"]
[Source "www.chesslib.no"]
[SourceDate "2004.05.04"]

1. d4 d5 2. c4 Nf6 3. cxd5 Qxd5 4. Nc3 Qa5 5. Nf3 Nc6 6. e3 Bg4 7. Bb5 e6 8. Bxc6+ bxc6 9. Qa4 Qxa4 10. Nxa4 Bb4+ 11. Bd2 Bd6 12. Rc1 O-O 13. Rxc6 Bf5 14. Rc1 Rab8 15. Ke2 Rb5 16. Bc3 Nd5 17. Nd2 Nxc3+ 18. Rxc3 e5 19. Nb3 Rfb8 20. Rhc1 e4 21. Nbc5 Bg4+ 22. Kd2 f5 23. g3 g5 24. b3 Kf7 25. Na6 R8b7 26. Nxc7 Ra5 27. Rc6 Bb4+ 28. Kc2 Be2 29. Ne6 Rb8 30. Nec5 h5 31. Kb2 Bb5 32. Rc7+ Kg6 33. a3 Bd2 34. Rc2 Be1 35. Nc3 Bd3 36. Rc1 Bxf2 37. Nd1 f4 38. Nxf2 1-0

[Event "Mallorca-chT Preferente"]
[Site "Palma de Mallorca"]
[Date "2001.01.27"]
[Round "3.6"]
[White "Fernandez, Juan Antonio"]
[Black "Moll, Xisco"]
[Result "0-1"]
[WhiteElo "1905"]
[BlackElo "2130"]
[PlyCount "56"]
[EventDate "2001.01.13"]
[Source "www.chesslib.no"]
[SourceDate "2004.05.04"]

1. d4 d5 2. c4 Nf6 3. Nf3 Nc6 4. Nc3 dxc4 5. Bf4 Nd5 6. Nxd5 Qxd5 7. Bxc7 Bg4 8. e3 Rc8 9. Bg3 e5 10. Be2 Bxf3 11. Bxf3 e4 12. Bg4 f5 13. Be2 Bb4+ 14. Kf1 O-O 15. Rc1 b5 16. f4 Bd6 17. Be1 Nb4 18. Bxb4 Bxb4 19. g4 g5 20. gxf5 gxf4 21. exf4 Rxf5 22. Rg1+ Kh8 23. Rg4 Rcf8 24. Kg2 Rxf4 25. Qg1 e3+ 26. Kh3 Qh5+ 27. Kg3 Rxg4+ 28. Bxg4 Bd6+ 0-1

[Event "Porto Mannu"]
[Site "Palau ITA"]
[Date "2007.05.21"]
[Round "3.29"]
[White "Brugo, Marco"]
[Black "Pieri, Enzo"]
[Result "1-0"]
[WhiteElo "2125"]
[BlackElo "1909"]
[PlyCount "69"]
[EventDate "2007.05.19"]
[Source "www.chesslib.no"]
[SourceDate "2004.05.04"]

1. d4 d5 2. c4 Nf6 3. cxd5 Nxd5 4. e4 Nf6 5. Nc3 g6 6. Bc4 Bg7 7. e5 Ng8 8. Nf3 Nh6 9. Bg5 O-O 10. Qd2 Nf5 11. g4 Nxd4 12. Qxd4 Qxd4 13. Nxd4 Bxe5 14. Nf3 Bxc3+ 15. bxc3 Bxg4 16. Ne5 Be6 17. Bxe6 fxe6 18. Bxe7 Rf5 19. Ng4 Rf4 20. Ne3 Nc6 21. Bg5 Ra4 22. O-O Rf8 23. f4 Kg7 24. Ng4 Rf5 25. Bh6+ Kf7 26. Ne5+ Nxe5 27. fxe5 Rg4+ 28. Kh1 g5 29. Rxf5+ exf5 30. Re1 Ke6 31. Bg7 h5 32. Rg1 Rc4 33. Rxg5 Rxc3 34. Rg6+ Kf7 35. e6+ 1-0